Methods of test for vulcanized rubbers. Part III. Abrasion resistance- using a rotating cylindrical drum device (First Revision) (Record no. 73673)

MARC details
000 -LEADER
fixed length control field 00458nam a2200133Ia 4500
245 #0 - TITLE STATEMENT
Title Methods of test for vulcanized rubbers. Part III. Abrasion resistance- using a rotating cylindrical drum device (First Revision)
260 ## - PUBLICATION, DISTRIBUTION, ETC. (IMPRINT)
Year of publication 1987
500 ## - GENERAL NOTE
General note Standard number: IS 3400 Part III
650 ## - SUBJECT ADDED ENTRY--TOPICAL TERM
Topical Term Abrasion resistance
650 ## - SUBJECT ADDED ENTRY--TOPICAL TERM
Topical Term Du pont constant load method
650 ## - SUBJECT ADDED ENTRY--TOPICAL TERM
Topical Term Vulcanized rubber
942 ## - ADDED ENTRY ELEMENTS (KOHA)
Koha item type Standards
Holdings
Withdrawn status Lost status Damaged status Not for loan Collection code Home library Current library Date acquired Koha item type
      Standards Indian standards RRII Library RRII Library 31/12/2021 Standards